00506nam a2200193Ia 4500003000400000005001700004008004100021020000600062040000700068041000800075082001500083100003300098245006900131260004200200300001200242365001300254650002200267650002300289OSt20230330092943.0210423s2008 xx 000 0 und d a- cAL aeng a820.9 PILA aPILLAI (A Sebastian Dravyam) aPost-modernism: an introduction to postwar literature in English aNew DelhibTheresa Publicationsc2008 a132bPB b145cINR aEnglish Criticism aEnglish Literature